Gaṅgālaharī. (Record no. 62266)

MARC details
000 -LEADER
fixed length control field 00841cam a22002771 4500
001 - CONTROL NUMBER
control field sa 65001831
003 - CONTROL NUMBER IDENTIFIER
control field DLC
005 - DATE AND TIME OF LATEST TRANSACTION
control field 20260227112112.0
008 - FIXED-LENGTH DATA ELEMENTS--GENERAL INFORMATION
fixed length control field 840628s1964 ii b 000 0 hin
010 ## - LIBRARY OF CONGRESS CONTROL NUMBER
LC control number sa 65001831
025 ## - OVERSEAS ACQUISITION NUMBER
Overseas acquisition number PL480:I-H-1833
035 ## - SYSTEM CONTROL NUMBER
System control number (OCoLC)21659617
040 ## - CATALOGING SOURCE
Original cataloging agency DLC
Transcribing agency CU
Modifying agency DLC
050 00 - LIBRARY OF CONGRESS CALL NUMBER
Classification number PK2095.P23
Item number G3 1964
100 0# - MAIN ENTRY--PERSONAL NAME
Personal name Padmākara,
Dates associated with a name 1753-1833.
245 10 - TITLE STATEMENT
Title Gaṅgālaharī.
Statement of responsibility, etc. Padmākarakr̥ta. [Saṃpādaka] Sudhākara Pāṇḍeya.
250 ## - EDITION STATEMENT
Edition statement [Prathama saṃskaraṇa]
260 ## - PUBLICATION, DISTRIBUTION, ETC.
Place of publication, distribution, etc. Kāśī,
Name of publisher, distributor, etc. Nāgarīpracāriṇī Sabhā
Date of publication, distribution, etc. [1964]
300 ## - PHYSICAL DESCRIPTION
Extent 62 p.
Dimensions 22 cm.
490 1# - SERIES STATEMENT
Series statement Pāṭhopayogī pustakamālā ;
Volume/sequential designation 12
546 ## - LANGUAGE NOTE
Language note In Hindi.
500 ## - GENERAL NOTE
General note A poem.
504 ## - BIBLIOGRAPHY, ETC. NOTE
Bibliography, etc. note Bibliographical footnotes.
700 1# - ADDED ENTRY--PERSONAL NAME
Personal name Pandey, Sudhakar,
Dates associated with a name 1927-
830 #0 - SERIES ADDED ENTRY--UNIFORM TITLE
Uniform title Pāṭhopayogī pustakamālā ;
Volume/sequential designation 12.

No items available.

Powered by Koha